[Event "Stay Safe Play From Home 309"]
[Site "Emanuel Lasker Arena"]
[Date "2020.07.16"]
[Round "1"]
[White "AChessPlayer"]
[Black "Haris kollari 13"]
[Result "0-1"]
[WhiteElo "2289"]
[BlackElo "1909"]
[Annotator "NA RC"]
[PlyCount "84"]
[EventDate "2020.07.16"]
[EventType "swiss (blitz)"]

1. e4 {[%emt 0:00:05]} e6 {[%emt 0:00:01]} 2. d4 {[%emt 0:00:02]} d5 {[%emt 0:00:01]} 3. Nc3 {[%emt 0:00:00]} Nf6 {[%emt 0:00:01]} 4. e5 {[%emt 0:00:00]} Nfd7 {[%emt 0:00:01]} 5. f4 {[%emt 0:00:00]} c5 {[%emt 0:00:01]} 6. Nf3 {[%emt 0:00:00]} Nc6 {[%emt 0:00:01]} 7. Be3 {[%emt 0:00:00]} a6 {[%emt 0:00:01]} 8. Qd2 {[%emt 0:00:01]} c4 {[%emt 0:00:01]} 9. Nd1 {[%emt 0:00:02]} b5 {[%emt 0:00:01]} 10. Be2 {[%emt 0:00:01]} Be7 {[%emt 0:00:01]} 11. O-O {[%emt 0:00:02]} Nb6 {[%emt 0:00:01]} 12. f5 {[%emt 0:00:01]} exf5 {[%emt 0:00:02]} 13. Bf4 {[%emt 0:00:03]} Be6 {[%emt 0:00:02]} 14. c3 {[%emt 0:00:02]} h6 {[%emt 0:00:03]} 15. h3 {[%emt 0:00:03]} Qd7 {[%emt 0:00:01]} 16. Ne3 {[%emt 0:00:02]} g5 {[%emt 0:00:04]} 17. Bh2 {[%emt 0:00:01]} O-O-O {[%emt 0:00:03]} 18. b3 {[%emt 0:00:02]} Rdg8 {[%emt 0:00:03]} 19. a4 {[%emt 0:00:04]} h5 {[%emt 0:00:03]} 20. axb5 {[%emt 0:00:02]} axb5 {[%emt 0:00:01]} 21. bxc4 {[%emt 0:00:00]} Nxc4 {[%emt 0:00:03]} 22. Bxc4 {[%emt 0:00:02]} bxc4 {[%emt 0:00:03]} 23. Rfb1 {[%emt 0:00:03]} f4 {[%emt 0:00:16]} 24. Qb2 {[%emt 0:00:05]} Qc7 {[%emt 0:00:02]} 25. Ra6 {[%emt 0:00:35]} fxe3 {[%emt 0:00:06]} 26. Qb5 {[%emt 0:00:03]} Kd7 {[%emt 0:00:04]} 27. Qa4 {[%emt 0:00:14]} Rb8 {[%emt 0:00:02]} 28. Re1 {[%emt 0:00:12]} g4 {[%emt 0:00:08]} 29. Rxe3 {[%emt 0:00:06]} gxf3 {[%emt 0:00:02]} 30. Rxf3 {[%emt 0:00:00]} Rb1+ {[%emt 0:00:05]} 31. Kf2 {[%emt 0:00:01]} Rb2+ {[%emt 0:00:02]} 32. Ke3 {[%emt 0:00:02]} Bg5+ {[%emt 0:00:04]} 33. Bf4 {[%emt 0:00:01]} Bxf4+ {[%emt 0:00:02]} 34. Rxf4 {[%emt 0:00:00]} Rhb8 {[%emt 0:00:01]} 35. Qa1 {[%emt 0:00:21]} R8b3 {[%emt 0:00:02]} 36. Rf6 {[%emt 0:00:03]} Rxc3+ {[%emt 0:00:04]} 37. Kf4 {[%emt 0:00:00]} Rf2+ {[%emt 0:00:01]} 38. Kg5 {[%emt 0:00:00]} Rxg2+ {[%emt 0:00:12]} 39. Kh6 {[%emt 0:00:02]} Rcg3 {[%emt 0:00:09]} 40. Ra8 {[%emt 0:00:09]} Rg8 {[%emt 0:00:07]} 41. Qa3 {[%emt 0:00:16]} Rxa8 {[%emt 0:00:06]} 42. Qxa8 {[%emt 0:00:00]} Qb8 {[%emt 0:00:04] AChessPlayer resigns (Lag: Av=0.65s, max=1.7s)} 0-1

[Event "Stay Safe Play From Home 309"]
[Site "Emanuel Lasker Arena"]
[Date "2020.07.16"]
[Round "1"]
[White "Sfantul321"]
[Black "Roefe Detlef"]
[Result "1/2-1/2"]
[WhiteElo "2034"]
[BlackElo "1741"]
[Annotator "NA RC"]
[PlyCount "116"]
[EventDate "2020.07.16"]
[EventType "swiss (blitz)"]

1. c4 {[%emt 0:00:01]} e5 {[%emt 0:00:01]} 2. Nc3 {[%emt 0:00:01]} Nc6 {[%emt 0:00:00]} 3. g3 {[%emt 0:00:01]} Bc5 {[%emt 0:00:02]} 4. Bg2 {[%emt 0:00:00]} d6 {[%emt 0:00:01]} 5. e3 {[%emt 0:00:00]} a5 {[%emt 0:00:01]} 6. Nge2 {[%emt 0:00:01]} Nge7 {[%emt 0:00:01]} 7. h3 {[%emt 0:00:01]} O-O {[%emt 0:00:02]} 8. O-O {[%emt 0:00:01]} f5 {[%emt 0:00:01]} 9. d3 {[%emt 0:00:01]} Be6 {[%emt 0:00:03]} 10. d4 {[%emt 0:00:01]} exd4 {[%emt 0:00:06]} 11. exd4 {[%emt 0:00:01]} Bb6 {[%emt 0:00:10]} 12. d5 {[%emt 0:00:01]} Bd7 {[%emt 0:00:02]} 13. dxc6 {[%emt 0:00:01]} bxc6 {[%emt 0:00:01]} 14. Bg5 {[%emt 0:00:02]} h6 {[%emt 0:00:02]} 15. Bxe7 {[%emt 0:00:01]} Qxe7 {[%emt 0:00:01]} 16. Re1 {[%emt 0:00:00]} Qf6 {[%emt 0:00:02]} 17. Qd2 {[%emt 0:00:02]} g5 {[%emt 0:00:02]} 18. Rad1 {[%emt 0:00:09]} Rad8 {[%emt 0:00:02]} 19. Rf1 {[%emt 0:00:04]} f4 {[%emt 0:00:01]} 20. gxf4 {[%emt 0:00:01]} gxf4 {[%emt 0:00:01]} 21. Qxf4 {[%emt 0:00:01]} Qxf4 {[%emt 0:00:05]} 22. Nxf4 {[%emt 0:00:01]} Rxf4 {[%emt 0:00:01]} 23. Ne2 {[%emt 0:00:02]} Rxc4 {[%emt 0:00:03]} 24. b3 {[%emt 0:00:03]} Rc2 {[%emt 0:00:02]} 25. Nc1 {[%emt 0:00:03]} Re8 {[%emt 0:00:06]} 26. a3 {[%emt 0:00:07]} Kg7 {[%emt 0:00:11]} 27. Nd3 {[%emt 0:00:01]} Ree2 {[%emt 0:00:04]} 28. Bf3 {[%emt 0:00:04]} Red2 {[%emt 0:00:03]} 29. Rxd2 {[%emt 0:00:02]} Rxd2 {[%emt 0:00:01]} 30. Nf4 {[%emt 0:00:10]} d5 {[%emt 0:00:06]} 31. b4 {[%emt 0:00:07]} axb4 {[%emt 0:00:02]} 32. axb4 {[%emt 0:00:01]} Bf5 {[%emt 0:00:03]} 33. b5 {[%emt 0:00:03]} Be4 {[%emt 0:00:08]} 34. Bxe4 {[%emt 0:00:02]} dxe4 {[%emt 0:00:02]} 35. bxc6 {[%emt 0:00:01]} e3 {[%emt 0:00:02]} 36. fxe3 {[%emt 0:00:09]} Bxe3+ {[%emt 0:00:02]} 37. Kh1 {[%emt 0:00:01]} Bxf4 {[%emt 0:00:11]} 38. Rxf4 {[%emt 0:00:01]} Rc2 {[%emt 0:00:01]} 39. Rg4+ {[%emt 0:00:02]} Kh7 {[%emt 0:00:01]} 40. Rd4 {[%emt 0:00:05]} Rxc6 {[%emt 0:00:01]} 41. Kg2 {[%emt 0:00:01]} Rd6 {[%emt 0:00:03]} 42. Rc4 {[%emt 0:00:01]} c6 {[%emt 0:00:01]} 43. Kg3 {[%emt 0:00:01]} Kg6 {[%emt 0:00:01]} 44. Kg4 {[%emt 0:00:01]} h5+ {[%emt 0:00:01]} 45. Kf4 {[%emt 0:00:01]} Kf6 {[%emt 0:00:01]} 46. Rc5 {[%emt 0:00:03]} Kg6 {[%emt 0:00:03]} 47. Rg5+ {[%emt 0:00:03]} Kh6 {[%emt 0:00:01]} 48. Rc5 {[%emt 0:00:01]} Kg6 {[%emt 0:00:07]} 49. Ra5 {[%emt 0:00:04]} Kh6 {[%emt 0:00:02]} 50. Ke5 {[%emt 0:00:06]} Rd5+ {[%emt 0:00:01]} 51. Rxd5 {[%emt 0:00:01]} cxd5 {[%emt 0:00:00]} 52. Kxd5 {[%emt 0:00:00]} Kg5 {[%emt 0:00:01]} 53. Ke4 {[%emt 0:00:01]} Kh4 {[%emt 0:00:01]} 54. Kf3 {[%emt 0:00:01]} Kxh3 {[%emt 0:00:00]} 55. Kf2 {[%emt 0:00:01]} h4 {[%emt 0:00:00]} 56. Kf1 {[%emt 0:00:01]} Kg3 {[%emt 0:00:00]} 57. Kg1 {[%emt 0:00:01]} h3 {[%emt 0:00:00]} 58. Kh1 {[%emt 0:00:00]} h2 {[%emt 0:00:00] (Lag: Av=0.22s, max=1.0s)} 1/2-1/2

[Event "Stay Safe Play From Home 309"]
[Site "Emanuel Lasker Arena"]
[Date "2020.07.16"]
[Round "1"]
[White "DM1969"]
[Black "Greblha"]
[Result "0-1"]
[WhiteElo "1991"]
[BlackElo "1967"]
[Annotator "NA RC"]
[PlyCount "86"]
[EventDate "2020.07.16"]
[EventType "swiss (blitz)"]

1. d4 {[%emt 0:00:02]} c6 {[%emt 0:00:00]} 2. Nf3 {[%emt 0:00:01]} d5 {[%emt 0:00:00]} 3. c4 {[%emt 0:00:01]} Nf6 {[%emt 0:00:01]} 4. a4 {[%emt 0:00:01]} Bg4 {[%emt 0:00:05]} 5. Ne5 {[%emt 0:00:02]} e6 {[%emt 0:00:02]} 6. Nc3 {[%emt 0:00:02]} Bb4 {[%emt 0:00:02]} 7. f3 {[%emt 0:00:02]} Bh5 {[%emt 0:00:01]} 8. cxd5 {[%emt 0:00:02]} exd5 {[%emt 0:00:10]} 9. Qb3 {[%emt 0:00:02]} a5 {[%emt 0:00:03]} 10. Bd2 {[%emt 0:00:04]} Nbd7 {[%emt 0:00:02]} 11. h4 {[%emt 0:00:06]} Bg6 {[%emt 0:00:15]} 12. g4 {[%emt 0:00:05]} h5 {[%emt 0:00:06]} 13. Nxg6 {[%emt 0:00:05]} fxg6 {[%emt 0:00:01]} 14. g5 {[%emt 0:00:01]} Ng8 {[%emt 0:00:04]} 15. Bh3 {[%emt 0:00:09]} Qe7 {[%emt 0:00:11]} 16. O-O-O {[%emt 0:00:13]} Bxc3 {[%emt 0:00:09]} 17. Bxc3 {[%emt 0:00:02]} Qd6 {[%emt 0:00:05]} 18. e4 {[%emt 0:00:12]} Ne7 {[%emt 0:00:07]} 19. e5 {[%emt 0:00:03]} Qc7 {[%emt 0:00:03]} 20. Be6 {[%emt 0:00:11]} O-O-O {[%emt 0:00:01]} 21. Kb1 {[%emt 0:00:07]} Kb8 {[%emt 0:00:02]} 22. f4 {[%emt 0:00:03]} Rhf8 {[%emt 0:00:02]} 23. Rhf1 {[%emt 0:00:03]} Nf5 {[%emt 0:00:01]} 24. Bxf5 {[%emt 0:00:16]} Rxf5 {[%emt 0:00:02]} 25. Qc2 {[%emt 0:00:04]} Nf8 {[%emt 0:00:02]} 26. Qd2 {[%emt 0:00:20]} Ne6 {[%emt 0:00:01]} 27. Bxa5 {[%emt 0:00:03]} b6 {[%emt 0:00:01]} 28. Bc3 {[%emt 0:00:01]} Rdf8 {[%emt 0:00:01]} 29. a5 {[%emt 0:00:02]} bxa5 {[%emt 0:00:06]} 30. Bxa5 {[%emt 0:00:02]} Qb7 {[%emt 0:00:01]} 31. Bb4 {[%emt 0:00:02]} R8f7 {[%emt 0:00:04]} 32. Bd6+ {[%emt 0:00:01]} Kc8 {[%emt 0:00:02]} 33. Rf3 {[%emt 0:00:02]} Rxf4 {[%emt 0:00:04]} 34. Rc3 {[%emt 0:00:03]} Rxd4 {[%emt 0:00:03]} 35. Qc1 {[%emt 0:00:02]} Rxd1 {[%emt 0:00:05]} 36. Qxd1 {[%emt 0:00:01]} Nd8 {[%emt 0:00:03]} 37. Qa4 {[%emt 0:00:01]} Rf1+ {[%emt 0:00:05]} 38. Ka2 {[%emt 0:00:01]} Kd7 {[%emt 0:00:01]} 39. Rb3 {[%emt 0:00:02]} Qc8 {[%emt 0:00:12]} 40. Qa7+ {[%emt 0:00:03]} Ke6 {[%emt 0:00:01]} 41. Rb8 {[%emt 0:00:06]} Qd7 {[%emt 0:00:05]} 42. Rxd8 {[%emt 0:00:02]} Qxa7+ {[%emt 0:00:02]} 43. Kb3 {[%emt 0:00:04]} Rf3+ {[%emt 0:00:02] Time (Lag: Av=0.84s, max=1.5s)} 0-1

[Event "Stay Safe Play From Home 309"]
[Site "Emanuel Lasker Arena"]
[Date "2020.07.16"]
[Round "1"]
[White "Oliverfab"]
[Black "Timbre"]
[Result "1-0"]
[WhiteElo "1821"]
[BlackElo "1544"]
[Annotator "NA RC"]
[PlyCount "87"]
[EventDate "2020.07.16"]
[EventType "swiss (blitz)"]
[WhiteTeam "SV Laatzen"]

{Fábregas, Oliver (1915)} 1. c4 {[%emt 0:00:01]} c6 {[%emt 0:00:02]} 2. b3 {[%emt 0:00:02]} d5 {[%emt 0:00:01]} 3. Bb2 {[%emt 0:00:01]} Nf6 {[%emt 0:00:02]} 4. cxd5 {[%emt 0:00:01]} cxd5 {[%emt 0:00:01]} 5. g3 {[%emt 0:00:02]} Nc6 {[%emt 0:00:01]} 6. Bg2 {[%emt 0:00:01]} Bf5 {[%emt 0:00:02]} 7. d3 {[%emt 0:00:01]} e6 {[%emt 0:00:01]} 8. Nd2 {[%emt 0:00:02]} Be7 {[%emt 0:00:01]} 9. Ngf3 {[%emt 0:00:02]} O-O {[%emt 0:00:01]} 10. O-O {[%emt 0:00:02]} h6 {[%emt 0:00:05]} 11. a3 {[%emt 0:00:04]} a6 {[%emt 0:00:02]} 12. b4 {[%emt 0:00:01]} Rc8 {[%emt 0:00:09]} 13. Rc1 {[%emt 0:00:03]} Na7 {[%emt 0:00:06]} 14. Nd4 {[%emt 0:00:12]} Bg4 {[%emt 0:00:06]} 15. h3 {[%emt 0:00:04]} Bh5 {[%emt 0:00:01]} 16. N2f3 {[%emt 0:00:07]} Bxf3 {[%emt 0:00:08]} 17. Bxf3 {[%emt 0:00:03]} Qb6 {[%emt 0:00:04]} 18. Nb3 {[%emt 0:00:16]} Nc6 {[%emt 0:00:08]} 19. Nc5 {[%emt 0:00:04]} Rcd8 {[%emt 0:00:13]} 20. Qb3 {[%emt 0:00:12]} d4 {[%emt 0:00:04]} 21. Rc2 {[%emt 0:00:19]} Ne5 {[%emt 0:00:05]} 22. Bg2 {[%emt 0:00:04]} Ng6 {[%emt 0:00:02]} 23. Rfc1 {[%emt 0:00:04]} e5 {[%emt 0:00:05]} 24. Nxb7 {[%emt 0:00:05]} Rb8 {[%emt 0:00:11]} 25. Nc5 {[%emt 0:00:07]} Bxc5 {[%emt 0:00:03]} 26. Rxc5 {[%emt 0:00:02]} Qd8 {[%emt 0:00:15]} 27. Rc6 {[%emt 0:00:06]} a5 {[%emt 0:00:03]} 28. b5 {[%emt 0:00:01]} Qe7 {[%emt 0:00:10]} 29. a4 {[%emt 0:00:02]} e4 {[%emt 0:00:03]} 30. Ba3 {[%emt 0:00:03]} Qe5 {[%emt 0:00:05]} 31. R1c5 {[%emt 0:00:08]} Qe7 {[%emt 0:00:04]} 32. Rd5 {[%emt 0:00:13]} Qe8 {[%emt 0:00:06]} 33. Rxd4 {[%emt 0:00:02]} exd3 {[%emt 0:00:03]} 34. Qxd3 {[%emt 0:00:03]} Qe5 {[%emt 0:00:07]} 35. Bxf8 {[%emt 0:00:03]} Rxf8 {[%emt 0:00:02]} 36. Rdc4 {[%emt 0:00:01]} Qa1+ {[%emt 0:00:04]} 37. Kh2 {[%emt 0:00:01]} Qe5 {[%emt 0:00:02]} 38. Rc8 {[%emt 0:00:02]} Rxc8 {[%emt 0:00:02]} 39. Rxc8+ {[%emt 0:00:02]} Kh7 {[%emt 0:00:01]} 40. Kg1 {[%emt 0:00:02]} Qa1+ {[%emt 0:00:02]} 41. Kh2 {[%emt 0:00:00]} Qe5 {[%emt 0:00:01]} 42. e3 {[%emt 0:00:01]} Qe6 {[%emt 0:00:02]} 43. Rc6 {[%emt 0:00:00]} Qe5 {[%emt 0:00:01]} 44. Rc4 {[%emt 0:00:02] Time ' (Lag: Av=0.57s, max=3.9s)} 1-0

[Event "Stay Safe Play From Home 309"]
[Site "Emanuel Lasker Arena"]
[Date "2020.07.16"]
[Round "1"]
[White "Buzaglo"]
[Black "Lazieri3"]
[Result "1-0"]
[WhiteElo "1753"]
[BlackElo "1975"]
[Annotator "TA"]
[PlyCount "121"]
[EventDate "2020.07.16"]
[EventType "swiss (blitz)"]

{[%evp 9,121,29,97,56,211,93,294,65,189,15,15,11,118,114,185,169,420,421,407,393,406,144,141,127,123,130,135,149,150,145,143,-160,-175,-175,-184,-299,-292,-289,-238,-245,-236,-290,-295,-297,-295,-286,-254,-281,-240,-277,-277,-283,0,0,418,-202,-176,-929,-920,-890,-843,-5293,-1928,-1891,-1886,-1857,-1828,-4802,-4802,-5695,-5695,-5310,-5285,-29982,-29983,-29984,-29985,-29986,-29982,-29988,-29982,-29990,-29986,-29990,-29991,-29991,-29992,-29993,-29994,-29995,-29996,-29996,-29995,-29995,-29996,-29996,-29996,-29996,-29994,-29995,-29995,-29995,-29994,-29997,-29997,-29997,-29997,-29997,-29997,-29997,-29997,-29997,-29996,-29999]} 1. d4 c6 2. Nf3 d5 3. g3 Bf5 4. Bg2 Qc8 5. O-O Bh3 (5... e6 $11) 6. c4 {[#] D02: 1 d4 d5 2 Nf3 sidelines, including 2...Nf6 3 g3 and 2...Nf6 3 Bf4.} h5 $146 (6... Bxg2 $14 7. Kxg2 dxc4) ({Predecessor:} 6... Bxg2 7. Kxg2 e6 8. Nc3 Nf6 9. Bg5 Nbd7 10. Rc1 dxc4 11. a4 b6 12. Bxf6 Nxf6 13. e4 Bb4 14. Qe2 Bxc3 15. Rxc3 O-O {½-½ (15) Dobes,L (2012)-Malinovsky,P (1968) Ostrava 2016}) 7. Bf4 (7. Bxh3 $18 {is more deadly.} Qxh3 8. Qb3) 7... h4 $2 (7... Bxg2 $16 {was necessary.} 8. Kxg2 dxc4) 8. Nxh4 $2 ({White must play} 8. Bxh3 $18 Qxh3 9. Qb3 (9. Nxh4 dxc4 10. Nd2 Nf6 $16)) 8... f6 {[#]} ({Better is} 8... Bxg2 $14 9. Nxg2 (9. Kxg2 dxc4 10. Nd2 b5 $14) 9... Qh3) 9. Ng6 $2 (9. Bxh3 $1 $18 Qxh3 10. Qb3) 9... Bxg2 $11 10. Nxh8 Qh3 (10... Bxf1 $11 {remains equal.} 11. Qxf1 g5) 11. Re1 {And now Qb3 would win.} Be4 (11... e5 $16) 12. f3 $18 Bxb1 $2 (12... e5) 13. Qxb1 Qxh8 14. Qg6+ Kd8 15. Qf7 $2 (15. cxd5 $18 Nd7 16. Rac1) 15... Nh6 $16 16. Bxh6 $1 gxh6 17. cxd5 Qg7 18. Qe6 f5 19. dxc6 Nxc6 {[%cal Bb8c6,Bc6d4,Bd4c2][%mdl 32]} 20. d5 $2 {[%mdl 8192]} (20. e3 $16) 20... Nd4 $36 {[%mdl 2048] Black has strong initiative.} 21. Qe3 Nc2 $1 {[%csl LRa1,LRb2,LRe1,LRe3][%mdl 64] Double Attack} 22. Qc5 (22. Qd3 {is a better defense.} Nxe1 23. Rxe1) 22... Nxa1 $19 ({Don't take} 22... Nxe1 23. d6 $19) 23. Rxa1 Rc8 24. Qa5+ b6 25. Qd2 Qe5 26. Rd1 Bg7 27. b3 Ke8 28. Kg2 Kf7 29. h4 Rc3 30. h5 Re3 $2 (30... Bf6 $19 {Hoping for ...Bg5.} 31. d6 exd6) 31. Kf2 $1 $11 f4 $2 {[%mdl 8192]} (31... Rc3 $11 {and Black stays safe.} 32. d6 exd6 33. Qxd6 Qxd6 34. Rxd6 Ke7) 32. g4 $4 {[%mdl 8192]} (32. gxf4 $18 Rxe2+ 33. Qxe2 Qxf4 34. Kf1) 32... Bf6 33. Re1 $2 (33. Qc2) 33... Bh4+ $19 {[%mdl 64] Skewer} 34. Kf1 Bxe1 35. Kxe1 Qc3 36. Qxc3 Rxc3 {[%mdl 4096] Endgame KR-KP} 37. Kd2 Rc5 38. d6 exd6 39. b4 Rc4 40. a3 a5 41. b5 Ra4 {Black mates.} 42. Kd3 Rxa3+ 43. Ke4 Rb3 44. Kd5 Rxb5+ 45. Kxd6 Rb2 46. Ke5 a4 47. Kxf4 a3 48. e4 a2 49. e5 a1=Q 50. g5 hxg5+ 51. Kxg5 Rg2+ {[%mdl 64] Discovered Attack} 52. Kf4 Qc1+ 53. Ke4 Qg5 54. Kd5 Qxh5 55. f4 Qd1+ 56. Ke4 Re2+ 57. Kf5 {[#]} Qf1 $1 58. e6+ Rxe6 59. Kg5 Rf6 60. f5 Qg1+ 61. Kh4 {[%mdl 32768] Accuracy: White = 34%, Black = 34%. . Sensor Board Error (Ke4/e5)?} 1-0

[Event "Stay Safe Play From Home 309"]
[Site "Emanuel Lasker Arena"]
[Date "2020.07.16"]
[Round "1"]
[White "Klasman"]
[Black "Dukic"]
[Result "0-1"]
[WhiteElo "1525"]
[BlackElo "1870"]
[Annotator "NA RC"]
[PlyCount "22"]
[EventDate "2020.07.16"]
[EventType "swiss (blitz)"]

1. f4 {[%emt 0:00:02]} d6 {[%emt 0:00:04]} 2. e4 {[%emt 0:00:02]} Nd7 {[%emt 0:00:00]} 3. d4 {[%emt 0:00:01]} e5 {[%emt 0:00:04]} 4. dxe5 {[%emt 0:00:05]} dxe5 {[%emt 0:00:02]} 5. fxe5 {[%emt 0:00:03]} Qh4+ {[%emt 0:00:01]} 6. Ke2 {[%emt 0:00:09]} Nxe5 {[%emt 0:00:05]} 7. Nc3 {[%emt 0:00:03]} Nf6 {[%emt 0:00:08]} 8. Nf3 {[%emt 0:00:03]} Bg4 {[%emt 0:00:02]} 9. h3 {[%emt 0:00:19]} Bxf3+ {[%emt 0:00:07]} 10. gxf3 {[%emt 0:00:03]} Qg3 {[%emt 0:00:02]} 11. Ke3 {[%emt 0:00:25]} Bc5+ {[%emt 0:00:02] Klasman resigns (Lag: Av=0.39s, max=0.4s)} 0-1

[Event "Stay Safe Play From Home 309"]
[Site "Emanuel Lasker Arena"]
[Date "2020.07.16"]
[Round "2"]
[White "Lazieri3"]
[Black "Klasman"]
[Result "1-0"]
[WhiteElo "1948"]
[BlackElo "1521"]
[Annotator "TA"]
[PlyCount "45"]
[EventDate "2020.07.16"]
[EventType "swiss (blitz)"]

{[%evp 9,45,20,20,20,16,0,115,42,72,41,109,28,60,-8,73,75,93,16,185,-73,-79,-87,-91,-79,-80,-332,-121,-344,-341,-315,-35,-33,-14,-19,-12,-14,491,483]} 1. e4 f5 2. exf5 Nf6 3. Nc3 d5 4. Nf3 Bxf5 5. d4 e6 6. Bd3 {[#] B00: Queen's Fianchetto Defence, Nimzowitsch Defence.} Bg4 $146 ({Predecessor:} 6... Bb4 7. O-O Bxc3 8. bxc3 O-O 9. Re1 Bg4 10. Qe2 Bxf3 11. Qxe6+ Kh8 12. gxf3 Re8 {1-0 (52) Vasilev,P (1715)-Lampreia,J (1176) Dos Hermanas 2004}) 7. h3 Bh5 (7... Bxf3 $1 $11 8. Qxf3 Nc6) 8. Bg5 (8. g4 $16 Bf7 9. Ne5) 8... Bb4 9. Qe2 Qd7 (9... Qd6 $14) 10. O-O (10. g4 $16 Bf7 11. a3 Bxc3+ 12. bxc3) 10... O-O 11. Rfe1 ({White should try} 11. g4 $14 Bg6 12. Bxg6 hxg6 13. Ne5) 11... Bxc3 (11... Bxf3 $11 {remains equal.} 12. Qxf3 Ne4) 12. bxc3 $16 Nc6 13. g4 ({White should play} 13. Qxe6+ $16 Qxe6 14. Rxe6) 13... Nxg4 $2 {[#]} (13... Bg6 $1 $11 {and Black has nothing to worry.}) 14. Qxe6+ $2 (14. hxg4 $18 Bxg4 15. Ne5 Nxe5 16. Qxe5) 14... Qxe6 $17 15. Rxe6 Rxf3 16. hxg4 Bxg4 17. Rae1 $2 {[%mdl 8192] [#]} (17. Re3 $17) 17... Raf8 $2 (17... Bxe6 $19 {and Black stays clearly on top.} 18. Rxe6 Raf8) 18. Bh4 $2 (18. R6e3 $17) 18... Bxe6 $19 19. Rxe6 R3f6 $2 (19... R3f7 $19 {Hoping for ...g6.} 20. Bf1 Rf3) 20. Bxf6 $15 Rxf6 21. Re8+ $1 Kf7 22. Rc8 Rg6+ $2 {[%mdl 8192]} (22... Ke6 $11) 23. Bxg6+ {Accuracy: White = 24%, Black = 18%.} 1-0

[Event "Stay Safe Play From Home 309"]
[Site "Emanuel Lasker Arena"]
[Date "2020.07.16"]
[Round "2"]
[White "Haris kollari 13"]
[Black "Oliverfab"]
[Result "1-0"]
[WhiteElo "1940"]
[BlackElo "1827"]
[Annotator "NA RC"]
[PlyCount "89"]
[EventDate "2020.07.16"]
[EventType "swiss (blitz)"]
[BlackTeam "SV Laatzen"]

{- Fábregas, Oliver (1915)} 1. e4 {[%emt 0:00:01]} c6 {[%emt 0:00:02]} 2. f4 {[%emt 0:00:01]} d5 {[%emt 0:00:01]} 3. e5 {[%emt 0:00:01]} g6 {[%emt 0:00:01]} 4. d4 {[%emt 0:00:01]} Bg7 {[%emt 0:00:01]} 5. Nf3 {[%emt 0:00:01]} Bg4 {[%emt 0:00:02]} 6. c3 {[%emt 0:00:01]} e6 {[%emt 0:00:01]} 7. Bd3 {[%emt 0:00:02]} Ne7 {[%emt 0:00:01]} 8. h3 {[%emt 0:00:02]} Bf5 {[%emt 0:00:02]} 9. g4 {[%emt 0:00:08]} Bxd3 {[%emt 0:00:02]} 10. Qxd3 {[%emt 0:00:00]} Nd7 {[%emt 0:00:04]} 11. Be3 {[%emt 0:00:01]} Qb6 {[%emt 0:00:02]} 12. b3 {[%emt 0:00:04]} O-O-O {[%emt 0:00:07]} 13. Nbd2 {[%emt 0:00:02]} h5 {[%emt 0:00:12]} 14. g5 {[%emt 0:00:01]} Nf5 {[%emt 0:00:02]} 15. Bf2 {[%emt 0:00:01]} Kb8 {[%emt 0:00:09]} 16. b4 {[%emt 0:00:04]} Qb5 {[%emt 0:00:06]} 17. Qxb5 {[%emt 0:00:03]} cxb5 {[%emt 0:00:01]} 18. Ke2 {[%emt 0:00:05]} Rc8 {[%emt 0:00:01]} 19. Rac1 {[%emt 0:00:04]} Rc6 {[%emt 0:00:04]} 20. Kd3 {[%emt 0:00:01]} Rhc8 {[%emt 0:00:02]} 21. Nh4 {[%emt 0:00:09]} Ne7 {[%emt 0:00:09]} 22. Nb3 {[%emt 0:00:04]} b6 {[%emt 0:00:02]} 23. Be3 {[%emt 0:00:11]} Bf8 {[%emt 0:00:05]} 24. Bd2 {[%emt 0:00:02]} Ng8 {[%emt 0:00:04]} 25. Ra1 {[%emt 0:00:02]} Kb7 {[%emt 0:00:09]} 26. a4 {[%emt 0:00:01]} bxa4 {[%emt 0:00:04]} 27. Rxa4 {[%emt 0:00:02]} Nb8 {[%emt 0:00:12]} 28. Rha1 {[%emt 0:00:02]} a6 {[%emt 0:00:02]} 29. Nc1 {[%emt 0:00:15]} b5 {[%emt 0:00:03]} 30. R4a2 {[%emt 0:00:05]} Be7 {[%emt 0:00:03]} 31. Nb3 {[%emt 0:00:02]} Nd7 {[%emt 0:00:05]} 32. Na5+ {[%emt 0:00:02]} Ka7 {[%emt 0:00:09]} 33. Nxc6+ {[%emt 0:00:01]} Rxc6 {[%emt 0:00:01]} 34. Nf3 {[%emt 0:00:01]} Kb7 {[%emt 0:00:03]} 35. Be1 {[%emt 0:00:02]} Bd8 {[%emt 0:00:03]} 36. Nd2 {[%emt 0:00:02]} Ne7 {[%emt 0:00:01]} 37. Nb3 {[%emt 0:00:01]} Nf5 {[%emt 0:00:05]} 38. Bd2 {[%emt 0:00:01]} Ng3 {[%emt 0:00:03]} 39. h4 {[%emt 0:00:20]} Be7 {[%emt 0:00:05]} 40. Na5+ {[%emt 0:00:02]} Kc7 {[%emt 0:00:03]} 41. Nxc6 {[%emt 0:00:01]} Kxc6 {[%emt 0:00:00]} 42. Rxa6+ {[%emt 0:00:01]} Kc7 {[%emt 0:00:01]} 43. Ra7+ {[%emt 0:00:01]} Kd8 {[%emt 0:00:02]} 44. Ra8+ {[%emt 0:00:02]} Kc7 {[%emt 0:00:02]} 45. R1a7+ {[%emt 0:00:01] Oliverfab gibt auf (Lag: Av=0.38s, max=0.5s)} 1-0

[Event "Stay Safe Play From Home 309"]
[Site "Emanuel Lasker Arena"]
[Date "2020.07.16"]
[Round "2"]
[White "Dukic"]
[Black "Greblha"]
[Result "0-1"]
[WhiteElo "1874"]
[BlackElo "1985"]
[Annotator "TA"]
[PlyCount "90"]
[EventDate "2020.07.16"]
[EventType "swiss (blitz)"]

{[%evp 20,90,41,41,45,29,59,65,73,50,43,49,95,17,16,10,10,0,21,20,20,-2,29,27,29,29,24,26,25,18,18,18,20,18,46,33,45,43,72,63,228,232,243,243,243,241,243,243,312,301,357,350,342,337,327,322,402,396,362,278,308,234,225,0,272,0,208,0,297,0,534,526,524]} 1. c4 c6 2. Nc3 d5 3. cxd5 cxd5 4. d4 Nf6 5. Nf3 Nc6 6. Bf4 e6 7. e3 Be7 8. Bd3 O-O 9. h3 a6 10. Rc1 Bd7 {10...b5 is not played anymore.} 11. O-O b5 {D13: Slav Defence: Exchange variation without ...Bf5.} 12. Qe2 Na5 13. Ne5 Nc4 {[#] White is slightly better.} 14. Nxd7 $146 ({Predecessor:} 14. b3 Na3 15. Nb1 Nxb1 16. Bxb1 Ba3 17. Nxd7 Qxd7 18. Rc7 Qd8 19. Qd3 g6 20. Rc6 {1-0 (30) Taggatz,M (2191)-Wallner,J (2311) Dresden 2018}) 14... Qxd7 15. b3 Nb6 16. Rc2 (16. a4 $16) 16... Rfc8 $11 17. Rfc1 Ba3 18. Rd1 Rc6 19. Nb1 Bd6 20. Rdc1 (20. Rxc6 {looks sharper.} Qxc6 21. Bxd6 Qxd6 22. Rc1 g6 23. Qb2) 20... Rac8 (20... Rxc2 {feels hotter.} 21. Rxc2 Bxf4 22. exf4 Rc8 23. Rc5 Qb7) 21. Rxc6 Rxc6 22. Rxc6 Qxc6 23. Bxd6 Qxd6 24. Qc2 g6 25. Nd2 Kg7 26. Nf3 Nfd7 27. g3 Kf8 28. Kg2 Ke7 29. h4 Kd8 $2 {[#]} (29... Kf8 $14) 30. Ng5 $18 Ke7 31. Nxh7 e5 32. Ng5 e4 33. Be2 f6 34. Nh3 Nf8 35. Nf4 g5 36. hxg5 fxg5 37. Nh3 Ne6 38. Bg4 Kf6 39. Qe2 Ng7 40. Bh5 Qe6 41. Bg4 $2 {[#]} ({White should try} 41. Kh2 $18) 41... Qc6 $2 {[%mdl 8192]} (41... Qd6 $1 $11) 42. Bh5 $2 (42. f3 $18) 42... Qd7 $2 (42... Qe6 $11) 43. Bg4 $2 (43. a3 $18) 43... Qc7 $2 {[%mdl 8192]} (43... Qc6 $11) 44. Bh5 $2 (44. f4 $18) 44... Nxh5 $4 {[%mdl 8192]} (44... Qd7 $11) 45. Qxh5 Qg7 {[%mdl 32768] Accuracy: White = 71%, Black = 49%. . Loss on time!?} 0-1